000 02008nam a22002297a 4500
003 DO-SdBNP
005 20240307073943.0
007 ta
008 211209b2018 dr abd|| |||| 00| 0 spa d
040 _aDO-SdBNP
_bspa
_cBNPHU
082 4 _222
_bP964c
110 2 _bPrograma USAID - INTEC de información climática.
_aInstituto Tecnológico de Santo Domingo
_978911
245 1 0 _aClima futuro en la República Dominicana /
_ccoordinador ; Alvin Rodríguez.
260 _aSanto Domingo :
_bPrograma USAID - INTEC,
_c2018.
300 _a85, [18] p. :
_bil., mapas, diagr. ;
_c28 cm.
504 _aBibliografía : p. 83-85
505 0 _aPresentación -- Programa de información climática -- Índice de figuras -- Índice de tablas -- Lista de acrónimos – Introducción -- Cambio climático global y los escenarios del IPCC -- Modelos de circulación general -- Downscaling estadístico -- Datos del nivel del mar -- Índice de sequía -- Índice de calor y cálculos de olas de calor -- Análisis de recursos de agua -- Caracterización de la cuenca -- Balance hídrico -- Validación de HEC-HMS -- Análisis de innundaciones para Santo Domingo -- Aumento del nivel del mar en la República Dominicana -- Eventos de sequía en la República Dominicana -- Eventos de sequía en el presente -- Proyecciones de sequía -- Olas de calor en la República Dominicana -- Olas de calor en el presente -- Proyecciones de olas de calor -- Balance hídrico -- Análisis de inundaciones: Santo Domingo - río Ozama – Conclusiones – Bibliofrafías -- Boletín #1 Ondas de calor en Samaná -- Boletín #2 Sequías en Samaná -- Boletín #3 Ondas de calor en Santiago -- Boletín #4 Eventos de sequía en Santiago -- Boletín #5 Análisis de inundación en zonas al margen del río Ozama -- Boletín #6 Ondas de calor en Santo Domingo -- Boletín #7 Sequías en Santo Domingo.
590 _aInventariado, 2021 /LP
700 1 _aRodríguez, Alvin,
_ecoord.
_980846
910 _aLopérez.
942 _2ddc
_cLBS1
999 _c51112
_d51112